<?xml version="1.0" encoding="UTF-8"?>
<record
    xmlns:xsi="http://www.w3.org/2001/XMLSchema-instance"
    xsi:schemaLocation="http://www.loc.gov/MARC21/slim http://www.loc.gov/standards/marcxml/schema/MARC21slim.xsd"
    xmlns="http://www.loc.gov/MARC21/slim">

  <leader>01659nas a2200421 i 4500</leader>
  <controlfield tag="001">399</controlfield>
  <controlfield tag="003">ES-MaACL</controlfield>
  <controlfield tag="005">20250814062536.0</controlfield>
  <controlfield tag="007">t|</controlfield>
  <controlfield tag="008">950801c1983    sp f|         |  1 ||pa d</controlfield>
  <datafield tag="022" ind1=" " ind2=" ">
    <subfield code="a">1696-702X</subfield>
  </datafield>
  <datafield tag="080" ind1=" " ind2=" ">
    <subfield code="a">(460)</subfield>
  </datafield>
  <datafield tag="080" ind1=" " ind2=" ">
    <subfield code="a">93/99</subfield>
  </datafield>
  <datafield tag="080" ind1=" " ind2=" ">
    <subfield code="a">31</subfield>
  </datafield>
  <datafield tag="080" ind1=" " ind2=" ">
    <subfield code="a">06</subfield>
  </datafield>
  <datafield tag="245" ind1="0" ind2="0">
    <subfield code="a">Bolet&#xED;n de la Asociaci&#xF3;n de Demograf&#xED;a Hist&#xF3;rica / </subfield>
    <subfield code="c">[dir. David Reher y Vicente P&#xE9;rez Moreda].</subfield>
  </datafield>
  <datafield tag="246" ind1="1" ind2="3">
    <subfield code="a">Revista de demograf&#xED;a hist&#xF3;rica</subfield>
  </datafield>
  <datafield tag="260" ind1=" " ind2=" ">
    <subfield code="a">[Madrid : </subfield>
    <subfield code="b">Asociaci&#xF3;n de Demografia Hist&#xF3;rica ; Facultad de Ciencias Pol&#xED;ticas y Sociolog&#xED;a, Universidad Complutense], </subfield>
    <subfield code="c">1983-</subfield>
  </datafield>
  <datafield tag="300" ind1=" " ind2=" ">
    <subfield code="a">14 v. ; </subfield>
    <subfield code="c">22 cm.</subfield>
  </datafield>
  <datafield tag="310" ind1=" " ind2=" ">
    <subfield code="a">Semestral, </subfield>
    <subfield code="b">1996-</subfield>
  </datafield>
  <datafield tag="321" ind1=" " ind2=" ">
    <subfield code="a">Cuatrimestral, </subfield>
    <subfield code="b">1983-1995</subfield>
  </datafield>
  <datafield tag="362" ind1="0" ind2=" ">
    <subfield code="a">A&#xF1;o I (1983)-</subfield>
  </datafield>
  <datafield tag="547" ind1=" " ind2=" ">
    <subfield code="a">Desde 2001 se titula: Revista de demograf&#xED;a hist&#xF3;rica.</subfield>
  </datafield>
  <datafield tag="650" ind1="1" ind2="7">
    <subfield code="a">Historia</subfield>
    <subfield code="2">embne</subfield>
    <subfield code="9">179933</subfield>
  </datafield>
  <datafield tag="650" ind1="1" ind2="4">
    <subfield code="a">Estad&#xED;stica.</subfield>
    <subfield code="9">12520</subfield>
  </datafield>
  <datafield tag="650" ind1=" " ind2="4">
    <subfield code="a">Instituciones cient&#xED;ficas y diversas</subfield>
    <subfield code="9">13829</subfield>
  </datafield>
  <datafield tag="655" ind1=" " ind2="7">
    <subfield code="2">tgfbne</subfield>
    <subfield code="9">226866</subfield>
    <subfield code="a">Revistas</subfield>
  </datafield>
  <datafield tag="700" ind1="1" ind2=" ">
    <subfield code="a">Reher, David.</subfield>
    <subfield code="9">95944</subfield>
  </datafield>
  <datafield tag="700" ind1="1" ind2=" ">
    <subfield code="a">P&#xE9;rez Moreda, Vicente.</subfield>
    <subfield code="9">91042</subfield>
  </datafield>
  <datafield tag="710" ind1="0" ind2="0">
    <subfield code="a">Asociaci&#xF3;n de Demograf&#xED;a Hist&#xF3;rica (</subfield>
    <subfield code="c">Madrid)</subfield>
    <subfield code="9">1578</subfield>
  </datafield>
  <datafield tag="710" ind1="2" ind2=" ">
    <subfield code="a">Universidad Complutense de Madrid. </subfield>
    <subfield code="b">Facultad de Ciencias Pol&#xED;ticas y Sociolog&#xED;a</subfield>
    <subfield code="9">7118</subfield>
  </datafield>
  <datafield tag="852" ind1=" " ind2=" ">
    <subfield code="a">ES-MaACL</subfield>
    <subfield code="j">HEM-H-390 </subfield>
    <subfield code="d">Olim: HEM-1613 </subfield>
    <subfield code="c">HEM</subfield>
    <subfield code="9">410</subfield>
    <subfield code="z">Expurgado marzo 2025: posterior 1958, sin encuadernar; muy incompleta; en acceso abierto</subfield>
  </datafield>
  <datafield tag="856" ind1=" " ind2=" ">
    <subfield code="u">https://dialnet.unirioja.es/servlet/revista?codigo=212</subfield>
    <subfield code="y">Sumarios de la revista en Dialnet</subfield>
  </datafield>
  <datafield tag="866" ind1=" " ind2="0">
    <subfield code="o">1984,2005-2006,2008</subfield>
  </datafield>
  <datafield tag="942" ind1=" " ind2=" ">
    <subfield code="2">udc</subfield>
    <subfield code="c">PERIODICA</subfield>
  </datafield>
  <datafield tag="999" ind1=" " ind2=" ">
    <subfield code="c">399</subfield>
    <subfield code="d">399</subfield>
  </datafield>
</record>
